[Event "400 Stay Safe Play From Home series"]
[Site "Emanuel Lasker Arena"]
[Date "2020.08.21"]
[Round "3"]
[White "Oscolucano"]
[Black "GIULIO19031975"]
[Result "1-0"]
[WhiteElo "1086"]
[BlackElo "1797"]
[Annotator "NA RC"]
[PlyCount "75"]
[EventDate "2020.08.21"]
[EventType "swiss (blitz)"]

1. d4 {[%emt 0:00:04]} d5 {[%emt 0:00:01]} 2. c4 {[%emt 0:00:01]} e6 {[%emt 0:00:01]} 3. Nc3 {[%emt 0:00:02]} c6 {[%emt 0:00:00]} 4. Nf3 {[%emt 0:00:03]} Nf6 {[%emt 0:00:01]} 5. Bg5 {[%emt 0:00:00]} Be7 {[%emt 0:00:00]} 6. e3 {[%emt 0:00:01]} Nbd7 {[%emt 0:00:00]} 7. Bd3 {[%emt 0:00:01]} dxc4 {[%emt 0:00:00]} 8. Bxc4 {[%emt 0:00:01]} b5 {[%emt 0:00:00]} 9. Bd3 {[%emt 0:00:01]} Bb7 {[%emt 0:00:00]} 10. O-O {[%emt 0:00:01]} Rc8 {[%emt 0:00:00]} 11. Rc1 {[%emt 0:00:01]} h6 {[%emt 0:00:00]} 12. Bh4 {[%emt 0:00:01]} Ng8 {[%emt 0:00:03]} 13. Bxe7 {[%emt 0:00:02]} Nxe7 {[%emt 0:00:01]} 14. Bb1 {[%emt 0:00:00]} Nf5 {[%emt 0:00:01]} 15. Qd3 {[%emt 0:00:03]} Qf6 {[%emt 0:00:01]} 16. e4 {[%emt 0:00:02]} Nh4 {[%emt 0:00:03]} 17. Nxh4 {[%emt 0:00:02]} Qxh4 {[%emt 0:00:01]} 18. f4 {[%emt 0:00:02]} Nb6 {[%emt 0:00:03]} 19. f5 {[%emt 0:00:01]} exf5 {[%emt 0:00:02]} 20. exf5 {[%emt 0:00:01]} O-O {[%emt 0:00:01]} 21. f6 {[%emt 0:00:02]} g6 {[%emt 0:00:02]} 22. Ne4 {[%emt 0:00:03]} c5 {[%emt 0:00:02]} 23. Nxc5 {[%emt 0:00:01]} Rxc5 {[%emt 0:00:02]} 24. dxc5 {[%emt 0:00:02]} Nc4 {[%emt 0:00:01]} 25. Qg3 {[%emt 0:00:03]} Qd4+ {[%emt 0:00:03]} 26. Kh1 {[%emt 0:00:02]} Kh7 {[%emt 0:00:02]} 27. Rfd1 {[%emt 0:00:01]} Qe3 {[%emt 0:00:04]} 28. b3 {[%emt 0:00:01]} Qxg3 {[%emt 0:00:02]} 29. hxg3 {[%emt 0:00:02]} Ne3 {[%emt 0:00:01]} 30. Rd7 {[%emt 0:00:02]} Bxg2+ {[%emt 0:00:01]} 31. Kg1 {[%emt 0:00:01]} Bh3 {[%emt 0:00:01]} 32. c6 {[%emt 0:00:02]} Bxd7 {[%emt 0:00:01]} 33. cxd7 {[%emt 0:00:01]} h5 {[%emt 0:00:02]} 34. Re1 {[%emt 0:00:03]} Ng4 {[%emt 0:00:02]} 35. Re8 {[%emt 0:00:01]} Rxe8 {[%emt 0:00:02]} 36. dxe8=Q {[%emt 0:00:02]} Nxf6 {[%emt 0:00:01]} 37. Qxf7+ {[%emt 0:00:01]} Kh6 {[%emt 0:00:01]} 38. Qxg6# {[%emt 0:00:01] (Lag: Av=0.60s, max=1.2s) (Lag: Av=0.60s, max=1.2s) (Lag: Av=0.60s, max=1.2s)} 1-0

[Event "400 Stay Safe Play From Home series"]
[Site "Emanuel Lasker Arena"]
[Date "2020.08.21"]
[Round "4"]
[White "NTBT_DHS"]
[Black "AChessPlayer"]
[Result "0-1"]
[WhiteElo "2552"]
[BlackElo "2420"]
[Annotator "TA"]
[PlyCount "76"]
[EventDate "2020.08.21"]
[EventType "swiss (blitz)"]

{[%evp 9,76,22,40,34,44,39,45,32,48,47,54,29,54,34,44,7,41,10,55,52,50,59,67,-36,133,126,112,49,124,126,118,106,163,158,175,128,139,110,121,112,134,162,157,141,151,0,734,0,-4,-16,-20,-323,-205,-877,-390,-363,-361,-345,-336,-12833,-12832,-29986,-739,-29997,-29994,-29995,-29996,-29996,-29997]} 1. e4 d6 2. Nf3 g6 3. Bc4 Bg7 4. Qe2 e6 5. O-O Ne7 6. d4 {B06: Modern Defence.} Nd7 7. Bb3 h6 {[#]} 8. c4 $146 {White is slightly better.} ({Predecessor:} 8. Rd1 O-O 9. Bf4 Nc6 10. c3 e5 11. dxe5 dxe5 12. Bg3 Qe7 13. Na3 Nc5 14. Bd5 {1-0 (35) Jimenez Almeida,L (2193)-Soriano Ascaso,I (2125) Pamplona 2014}) 8... b6 9. Nc3 Bb7 10. Bf4 a6 11. h3 g5 12. Bh2 Ng6 $1 13. Rad1 O-O 14. Qe3 Qe7 15. Rfe1 Rad8 16. e5 (16. Bc2 $14) 16... Kh8 $2 (16... dxe5 $15 {stays ahead.} 17. Nxe5 Ndxe5 18. Bxe5 Nxe5 19. dxe5 c5) 17. exd6 $16 cxd6 18. Nd5 (18. Bc2 $16) 18... Bxd5 ({Better is} 18... exd5 $14 19. Qxe7 Nxe7 20. Rxe7 Bf6 21. Bxd6 Bxe7 22. Bxe7 dxc4 23. Bxc4 Kg7) 19. cxd5 e5 20. dxe5 Ngxe5 (20... Bxe5 $16 21. Nxe5 dxe5) 21. Nd4 $18 Qf6 22. Nc6 Rde8 23. f4 Ng6 24. fxg5 hxg5 25. Qxe8 Rxe8 26. Rxe8+ Kh7 27. Rf1 $2 (27. Nd4 $16) 27... Nf4 $2 {[%mdl 8192]} (27... Qxb2 $11 28. Bxd6 g4) 28. h4 $2 ({Only move:} 28. Bc2+ $18 Kh6 29. h4 $1 {[%mdl 512]} Nxg2 30. Kxg2 Qxb2 31. hxg5+ Kh5 32. Rf2) 28... Qxb2 $11 {[%csl Gf4][%cal Rb2g2]} 29. Bxf4 gxf4 30. Rf2 $2 {[%mdl 8192] This costs White the game.} (30. Rxf4 $11 Ne5 31. Nxe5 Qa1+ 32. Kf2 Bxe5 33. Rxf7+ Kg6 34. Rf3) 30... Qc1+ $40 {[%mdl 128] Black is out for blood.} 31. Kh2 $2 (31. Rf1 Qc5+ 32. Kh1) 31... Ne5 (31... Nf6 $142 32. Rfe2 Nxe8 33. Rxe8 Qd2 $1 {[%mdl 512]}) 32. Bc2+ Kh6 {( -> ...Ng4+)} 33. Nxe5 Bxe5 34. Rg8 $2 (34. Rxe5 dxe5 35. d6) 34... f3+ $19 35. g3 Bd4 (35... Qe3 $142 36. Rxf3 Qe2+ 37. Kg1 Bd4+ 38. Kh1 Qxf3+ {[%mdl 64] Double Attack} 39. Kh2 Qf2+ 40. Kh3 Qxc2 41. Re8 Qf5+ {[%mdl 64] Double Attack} 42. g4 Qf3+ 43. Kh2 Bf2 44. Rh8+ {[#]} Kg7 $1 {[%mdl 512]} 45. Rg8+ Kxg8 46. h5 Qg3+ 47. Kh1 Qh3#) 36. g4 Bxf2 {Black mates.} 37. g5+ {[#]} Kh5 $1 38. Rh8+ {[#]} Kg4 $1 {Accuracy: White = 28%, Black = 50%.} 0-1

[Event "400 Stay Safe Play From Home series"]
[Site "Emanuel Lasker Arena"]
[Date "2020.08.21"]
[Round "4"]
[White "IceQueen"]
[Black "Yuriko"]
[Result "1-0"]
[WhiteElo "2464"]
[BlackElo "1944"]
[Annotator "TA"]
[PlyCount "101"]
[EventDate "2020.08.21"]
[EventType "swiss (blitz)"]

{[%evp 19,101,16,15,-5,35,6,35,15,33,30,32,9,57,0,0,0,32,-37,-7,-23,-33,-89,-58,-183,-175,-177,-174,-176,-178,-291,-247,-270,-283,-253,-261,-285,-222,-293,-283,-281,-158,-206,-189,-162,0,0,0,0,889,887,1725,1692,1628,600,1127,775,29988,1645,29984,1233,29981,29982,29987,29981,29978,29979,29985,29986,29999,29989,29978,4802,1623,2864,2714,2638,2060,2020,29990,29991,29992,29993,29993,29994]} 1. e4 c5 2. Nc3 e6 3. Nf3 a6 4. d4 cxd4 5. Nxd4 d6 6. g3 Nf6 7. Bg2 Be7 8. O-O Nc6 9. a4 Qc7 10. Nb3 b6 11. Be3 {B80: Sicilian Scheveningen: 6 g3 and 6 Be3, including English Attack.} Bb7 12. f4 Rd8 13. Qe2 {[#] White is slightly better.} h6 $146 ({Predecessor:} 13... Nb4 14. Rad1 e5 15. h3 exf4 16. Bxf4 Nc6 17. g4 Ne5 18. Nd4 O-O 19. g5 Nfd7 {1-0 (41) Kraemer,M (2567)-Stany,G (2476) Biel 2016}) 14. Rad1 O-O 15. g4 Nd7 16. g5 (16. Rf3 $1 $14) 16... hxg5 $11 17. fxg5 g6 18. Rf3 (18. Qg4 $14) 18... Nde5 19. Rh3 Kg7 20. Nd4 (20. Qf2 $15) 20... Rh8 21. Rh6 (21. Rg3 $15) 21... Bxg5 $19 22. Bxg5 Rxh6 23. Bxh6+ Kxh6 24. Bh3 (24. Qd2+ {was called for.} Kg7 25. Nce2) 24... Kg7 {And now ...Nxd4 would win.} 25. Nf3 Nxf3+ 26. Qxf3 Ne5 27. Qf4 Qe7 28. Kh1 f5 29. Bg2 Ng4 (29... g5 $19 30. Qf2 f4 31. Qxb6 g4) 30. h3 e5 31. Qg3 Nf6 $2 (31... Nh6 $19 32. Nd5 Bxd5 33. Rxd5 f4) 32. exf5 $11 Bxg2+ 33. Kxg2 Nh5 $2 {[%mdl 8192] White stays focused until the end.} (33... Rg8 $11) 34. Qxg6+ $18 {[%mdl 64] [#] Double Attack} Kf8 35. Qxh5 Qg7+ 36. Qg6 Qb7+ 37. Nd5 Rd7 38. f6 (38. Qh6+ $142 Kf7 39. Kh2 Qxd5 40. Rxd5 Ke8 41. Qe6+ Kd8 {[#]} 42. Rd3 $1 {[%mdl 512]} b5 43. Rc3 d5 44. Rc6 bxa4 45. Qg8+ Ke7 46. f6#) 38... Rf7 39. c4 (39. Kh2 $142 Qd7 40. Rg1 Ke8 41. Nxb6 Qc7 42. a5 Qxb6 43. axb6 Kd7 44. Qxf7+ Kc6 45. Qc4+ Kxb6 46. Rg8 Kb7 47. Qd5+ {[%mdl 64] Double Attack} Kc7 48. Rg7+ Kd8 49. Qg8#) 39... b5 40. axb5 axb5 41. Qh6+ Ke8 42. Qh8+ Kd7 43. Qg8 Ke6 44. Qe8+ Kf5 45. Rf1+ (45. cxb5 $142 Kg6 46. Qg8+ Kh6 47. h4 Rc7 48. Kg3 Rg7+ 49. fxg7 Qxg7+ 50. Qxg7+ Kxg7 51. b6) 45... Ke4 46. Qxb5 Qxb5 47. Nc3+ {[%mdl 64] Double Attack} Kd4 48. Nxb5+ Kxc4 49. Nxd6+ {[%mdl 64] Double Attack. White mates.} Kb4 50. Nxf7 e4 51. Ne5 {Accuracy: White = 55%, Black = 56%.} 1-0

[Event "400 Stay Safe Play From Home series"]
[Site "Emanuel Lasker Arena"]
[Date "2020.08.21"]
[Round "4"]
[White "Mepe_Nika"]
[Black "Stefanone"]
[Result "1-0"]
[WhiteElo "2314"]
[BlackElo "1970"]
[Annotator "TA"]
[PlyCount "123"]
[EventDate "2020.08.21"]
[EventType "swiss (blitz)"]

{[%evp 9,123,9,10,-1,14,12,12,-23,12,0,0,0,0,0,0,0,0,0,0,0,0,-6,-12,-25,21,-65,-54,-50,-46,-67,-66,-82,-77,-80,-65,-64,-58,-71,-69,-68,-63,-74,-76,-123,-69,-83,-68,-82,-76,-85,-81,-76,-67,-447,113,110,105,112,108,-22,-47,-60,153,150,143,144,140,135,136,43,70,72,350,62,108,62,64,15,77,28,33,15,161,70,69,0,161,161,238,132,127,0,161,161,402,356,273,326,550,547,703,691,637,633,1208,1213,1140,1122,996,862,851,810,29983,29984,29989,29990]} 1. d4 d5 2. a3 c6 3. Nf3 Nf6 4. e3 Bg4 5. Be2 Nbd7 6. c4 {D00: 1 d4 d5: Unusual lines.} e6 7. O-O Bd6 {[#]} 8. b4 $146 {The position is equal.} ({Predecessor:} 8. Nc3 O-O 9. h3 Bh5 10. Qc2 Qc7 11. c5 Be7 12. b4 Bg6 13. Bd3 b5 14. Re1 {½-½ (32) Stecher,J-Nery,N Regen 2004}) 8... Qe7 9. c5 Bc7 10. Bb2 O-O 11. Nbd2 Ne4 12. Nxe4 dxe4 13. Nd2 Bxe2 ({Much weaker is} 13... Qh4 $6 14. g3 $16) 14. Qxe2 f5 15. f3 exf3 (15... Qh4 {looks sharper.} 16. g3 exf3 17. Rxf3 Qg4 18. e4 Nf6) 16. Qxf3 e5 17. Rae1 (17. Qh3 $11) 17... e4 $15 18. Qe2 g6 $40 {[%mdl 128] Black mounts an attack.} 19. Nc4 Nf6 20. Ne5 Nd5 21. Qc4 Bxe5 (21... a6 {with more complications.} 22. a4 Qe6 23. Rb1 h5 24. Rbd1 h4) 22. dxe5 Rad8 23. Rd1 Qe6 24. Rfe1 Rf7 25. Rd4 Rfd7 26. Red1 a6 (26... Qxe5 $17 27. g4 fxg4) 27. R4d2 Kf7 28. h3 h6 29. Kh1 g5 30. Qe2 Kg6 31. Rf1 $2 {[%mdl 8192] [#]} (31. Kh2 $15) 31... f4 $2 (31... Nxe3 $1 $19 {[%mdl 512]} 32. Rxd7 (32. Qxe3 Rxd2) 32... Nxf1 33. Rxd8 Ng3+ {[%mdl 64] Double Attack} 34. Kh2 Nxe2) 32. exf4 $16 gxf4 33. Qxe4+ Qf5 {[#]} 34. Re2 (34. Qf3 $1 $16) 34... Qxe4 $11 35. Rxe4 {And now e6 would win.} Rf7 $2 (35... Ne3 $1 $15 {keeps the upper hand.} 36. Rfxf4 Rd1+ 37. Kh2 Nf1+ 38. Rxf1 Rxf1) 36. e6 $16 Rf5 37. Be5 Re8 38. Bd6 Rf6 39. Bxf4 (39. e7 $16) 39... Nxf4 40. Rexf4 Rfxe6 $2 {[%mdl 12288] Endgame KRR-KRR} (40... Rxf4 $16 {might work better.} 41. Rxf4 Rxe6) 41. Rf7 $2 ({Only move:} 41. Rg4+ $18 Kh7 42. Rf7+ {[%mdl 64] Double Attack} Kh8 43. Rxb7) 41... R8e7 42. Rxe7 (42. R1f6+ {keeps more tension.} Kg5 43. Rf3 Kg6 44. Rf8 Re5 45. R8f6+) 42... Rxe7 {KR-KR} 43. Rd1 Kf5 (43... Re3 $11) 44. Rd6 h5 45. Kh2 Kf4 (45... Re3 $11) 46. Rh6 (46. h4 $18) 46... Kg5 $14 47. Rd6 (47. Rh8 $14) 47... Kf5 $2 (47... Kf4 $1 $11) 48. h4 $18 Kg4 (48... Rh7 {keeps fighting.} 49. g3 Ke5) 49. Rd4+ ({White should play} 49. Rg6+ $18 Kf4 50. g3+ Kf3 51. Rf6+ Ke4 52. Rh6) 49... Kf5 $16 50. Kh3 ({Better is} 50. Rd8 $16) 50... Kg6 $2 (50... Re3+ $11 {and Black stays safe.} 51. g3 Rxa3) 51. g3 $18 Re1 $2 (51... Kf6 52. Rd6+ Kg7) 52. Rd6+ Kf5 53. Rd7 Ra1 $2 (53... Rh1+ 54. Kg2 Ra1 55. Rxb7 Rxa3) 54. Rxb7 Rxa3 55. Rb6 Ke4 56. Rxc6 Kf3 57. Rf6+ Ke2 58. c6 Rc3 59. Re6+ Kd3 60. Rh6 Kc2 61. Rxh5 Rb3 62. Rc5+ {Quite a comeback for White. Accuracy: White = 60%, Black = 49%.} 1-0

[Event "400 Stay Safe Play From Home series"]
[Site "Emanuel Lasker Arena"]
[Date "2020.08.21"]
[Round "4"]
[White "Hickey"]
[Black "Schachwerk_64"]
[Result "1-0"]
[WhiteElo "2226"]
[BlackElo "2015"]
[Annotator "NA RC"]
[PlyCount "99"]
[EventDate "2020.08.21"]
[EventType "swiss (blitz)"]

1. Nf3 {[%emt 0:00:00]} Nc6 {[%emt 0:00:00]} 2. g3 {[%emt 0:00:01]} e5 {[%emt 0:00:01]} 3. d3 {[%emt 0:00:01]} e4 {[%emt 0:00:00]} 4. Bg2 {[%emt 0:00:00]} exf3 {[%emt 0:00:01]} 5. exf3 {[%emt 0:00:01]} Nf6 {[%emt 0:00:01]} 6. O-O {[%emt 0:00:00]} Be7 {[%emt 0:00:01]} 7. d4 {[%emt 0:00:02]} d5 {[%emt 0:00:02]} 8. c3 {[%emt 0:00:02]} Be6 {[%emt 0:00:01]} 9. Bf4 {[%emt 0:00:01]} Qd7 {[%emt 0:00:01]} 10. Na3 {[%emt 0:00:02]} O-O-O {[%emt 0:00:01]} 11. Nb5 {[%emt 0:00:02]} Bd6 {[%emt 0:00:00]} 12. Nxd6+ {[%emt 0:00:02]} cxd6 {[%emt 0:00:00]} 13. b4 {[%emt 0:00:02]} h6 {[%emt 0:00:07]} 14. Qa4 {[%emt 0:00:02]} g6 {[%emt 0:00:00]} 15. b5 {[%emt 0:00:01]} Nb8 {[%emt 0:00:02]} 16. Qxa7 {[%emt 0:00:01]} g5 {[%emt 0:00:04]} 17. Be3 {[%emt 0:00:03]} Qxb5 {[%emt 0:00:02]} 18. Qa3 {[%emt 0:00:04]} Qc6 {[%emt 0:00:02]} 19. Rfc1 {[%emt 0:00:02]} h5 {[%emt 0:00:03]} 20. f4 {[%emt 0:00:01]} g4 {[%emt 0:00:01]} 21. c4 {[%emt 0:00:02]} Qa6 {[%emt 0:00:02]} 22. cxd5+ {[%emt 0:00:02]} Kd7 {[%emt 0:00:03]} 23. dxe6+ {[%emt 0:00:07]} fxe6 {[%emt 0:00:02]} 24. Qb3 {[%emt 0:00:01]} d5 {[%emt 0:00:04]} 25. Rab1 {[%emt 0:00:01]} Rc8 {[%emt 0:00:05]} 26. Qxb7+ {[%emt 0:00:01]} Qxb7 {[%emt 0:00:01]} 27. Rxb7+ {[%emt 0:00:00]} Kd6 {[%emt 0:00:01]} 28. Rxc8 {[%emt 0:00:04]} Rxc8 {[%emt 0:00:02]} 29. f5 {[%emt 0:00:00]} Rc1+ {[%emt 0:00:03]} 30. Bxc1 {[%emt 0:00:02]} Nc6 {[%emt 0:00:01]} 31. Bf4+ {[%emt 0:00:02]} e5 {[%emt 0:00:01]} 32. dxe5+ {[%emt 0:00:01]} Nxe5 {[%emt 0:00:00]} 33. Rb6+ {[%emt 0:00:00]} Kc5 {[%emt 0:00:01]} 34. Rxf6 {[%emt 0:00:01]} Nd3 {[%emt 0:00:00]} 35. Re6 {[%emt 0:00:00]} Nc1 {[%emt 0:00:01]} 36. f6 {[%emt 0:00:00]} d4 {[%emt 0:00:00]} 37. f7 {[%emt 0:00:00]} Ne2+ {[%emt 0:00:00]} 38. Rxe2 {[%emt 0:00:01]} d3 {[%emt 0:00:01]} 39. Rd2 {[%emt 0:00:00]} Kc4 {[%emt 0:00:01]} 40. Rxd3 {[%emt 0:00:00]} Kxd3 {[%emt 0:00:01]} 41. f8=Q {[%emt 0:00:00]} Kc2 {[%emt 0:00:00]} 42. Qh8 {[%emt 0:00:00]} Kb1 {[%emt 0:00:01]} 43. Qxh5 {[%emt 0:00:00]} Kxa2 {[%emt 0:00:00]} 44. Qxg4 {[%emt 0:00:00]} Kb1 {[%emt 0:00:00]} 45. h3 {[%emt 0:00:00]} Ka2 {[%emt 0:00:00]} 46. h4 {[%emt 0:00:00]} Kb1 {[%emt 0:00:00]} 47. Bg5 {[%emt 0:00:00]} Ka2 {[%emt 0:00:00]} 48. Qf4 {[%emt 0:00:00]} Kb1 {[%emt 0:00:00]} 49. Qe3 {[%emt 0:00:00]} Ka1 {[%emt 0:00:00]} 50. Qd3 {[%emt 0:00:00] (Lag: Av=0.63s, max=1.3s) (Lag: Av=0.63s, max=1.3s) (Lag: Av=0.63s, max=1.3s)} 1-0

[Event "400 Stay Safe Play From Home series"]
[Site "Emanuel Lasker Arena"]
[Date "2020.08.21"]
[Round "4"]
[White "MihailoVujic"]
[Black "Trotsky"]
[Result "1-0"]
[WhiteElo "2189"]
[BlackElo "1597"]
[Annotator "TA"]
[PlyCount "55"]
[EventDate "2020.08.21"]
[EventType "swiss (blitz)"]

{[%evp 10,55,17,4,18,8,52,46,134,57,65,68,72,93,244,77,129,39,117,142,385,198,172,103,116,-19,-13,-46,-22,-31,0,0,70,8,85,70,145,0,0,-230,204,208,293,0,2530,2536,2432,1397]} 1. e4 c5 2. c3 e6 3. d4 d5 4. e5 Nc6 5. Nf3 Qc7 6. Bd3 Bd7 {C02: French: Advance Variation.} 7. O-O c4 8. Bc2 {[#]} O-O-O $146 (8... h6 $14) ({Predecessor:} 8... h6 9. Re1 O-O-O 10. Nbd2 f6 11. b3 Na5 12. bxc4 Nxc4 13. Rb1 Nb6 14. Re3 f5 {0-1 (33) Ray,H (1531)-Rovaretti,D (1616) Pencoed 2015}) 9. Bf4 ({White should try} 9. Ng5 $16 Nh6 10. Nxh7) 9... h6 $14 10. b3 g5 11. Bg3 h5 $2 (11... Nge7 $16 {is a better defense.}) 12. h4 $2 (12. Nxg5 $18 {and the rest is easy.} cxb3 13. axb3) 12... g4 ({Better is} 12... gxh4 13. Bxh4 Be7) 13. Nfd2 (13. Ng5 $16 cxb3 14. axb3) 13... Nh6 (13... cxb3 $14 14. axb3 (14. Nxb3 Nh6 $11) 14... Kb8) 14. bxc4 $16 Nf5 $2 (14... Ne7 $16) 15. cxd5 (15. Bxf5 $142 exf5 16. cxd5) 15... exd5 $18 {[#]} 16. Bxf5 (16. e6 $1 $18 {[%mdl 512]} Nxg3 (16... Bxe6 17. Bxc7) 17. exd7+ Rxd7 18. fxg3) 16... Bxf5 $16 17. e6 (17. a4 $16) 17... Bd6 $1 $11 18. Bxd6 Qxd6 19. exf7 Rdf8 20. c4 {aiming for Nc3.} Rxf7 (20... Bd3 $11 21. cxd5 Qxd5) 21. cxd5 (21. Nc3 $1 $14) 21... Nxd4 {[#]} (21... Qxd5 $11 {keeps the balance.} 22. Nb3 Bxb1 23. Rxb1 Rhf8) 22. Nc3 $1 $36 {[%mdl 2048] Nc4 is the strong threat. White is pushing.} Kb8 ({Black should play} 22... Qf4 $14) 23. Nc4 (23. Nde4 $16 Qe5 24. Re1 Bxe4 25. Rxe4 {[%mdl 64] Double Attack} Nf3+ {[%mdl 64] Discovered Attack} 26. Qxf3 (26. gxf3 Qxc3 27. fxg4 hxg4 $14) 26... Rxf3 27. Rxe5 Rxc3 28. Rd1) 23... Qc5 24. Ne5 $2 (24. Nd6 $1 $11 {and White is okay.} Bc2 25. Qd2) 24... Rf6 $4 {[%mdl 8192]} (24... Re7 $19 {avoids the disaster.} 25. Ne2 Nc2) 25. Rc1 $18 Rhf8 {[#]} (25... Rd8 {was worth a try.} 26. Qd2 Rff8) 26. Ne4 $2 (26. Qd2 $1 $18) 26... Bxe4 $4 {[%mdl 8192]} (26... Qxd5 $11 27. Rc4 (27. Nxf6 Qxe5 28. Nxh5 Ne2+ {[%mdl 64] Double Attack} 29. Kh1 Qe7 $19) 27... Qxe5 28. Qxd4 Qxe4 29. Qxe4 Bxe4 30. Rxe4 a6) 27. Rxc5 g3 28. Nd7+ {[%mdl 64] Double Attack. Accuracy: White = 35%, Black = 20%.} 1-0

[Event "400 Stay Safe Play From Home series"]
[Site "Emanuel Lasker Arena"]
[Date "2020.08.21"]
[Round "4"]
[White "Buzaglo"]
[Black "Oscolucano"]
[Result "1-0"]
[WhiteElo "1839"]
[BlackElo "1119"]
[Annotator "NA RC"]
[PlyCount "39"]
[EventDate "2020.08.21"]
[EventType "swiss (blitz)"]

1. d4 {[%emt 0:00:01]} d5 {[%emt 0:00:04]} 2. Nf3 {[%emt 0:00:00]} e6 {[%emt 0:00:02]} 3. g3 {[%emt 0:00:00]} c5 {[%emt 0:00:01]} 4. Bg2 {[%emt 0:00:00]} Nf6 {[%emt 0:00:02]} 5. O-O {[%emt 0:00:00]} Nc6 {[%emt 0:00:03]} 6. Re1 {[%emt 0:00:01]} Bd6 {[%emt 0:00:05]} 7. dxc5 {[%emt 0:00:02]} Bxc5 {[%emt 0:00:02]} 8. c4 {[%emt 0:00:01]} Ng4 {[%emt 0:00:02]} 9. cxd5 {[%emt 0:00:01]} Bxf2+ {[%emt 0:00:07]} 10. Kh1 {[%emt 0:00:01]} Bxe1 {[%emt 0:00:01]} 11. Qxe1 {[%emt 0:00:00]} exd5 {[%emt 0:00:01]} 12. h3 {[%emt 0:00:02]} Nf6 {[%emt 0:00:02]} 13. Kh2 {[%emt 0:00:01]} O-O {[%emt 0:00:02]} 14. Nc3 {[%emt 0:00:03]} d4 {[%emt 0:00:02]} 15. Nb5 {[%emt 0:00:03]} a6 {[%emt 0:00:01]} 16. Na3 {[%emt 0:00:01]} Re8 {[%emt 0:00:01]} 17. Bg5 {[%emt 0:00:02]} d3 {[%emt 0:00:01]} 18. Qc3 {[%emt 0:00:04]} Rxe2 {[%emt 0:00:07]} 19. Rd1 {[%emt 0:00:03]} Bf5 {[%emt 0:00:13]} 20. Nc4 {[%emt 0:00:06] Tempo Tempo Tempo (Lag: Av=0.68s, max=0.9s) (Lag: Av=0.68s, max=0.9s) (Lag: Av=0.68s, max=0.9s)} 1-0

[Event "400 Stay Safe Play From Home series"]
[Site "Emanuel Lasker Arena"]
[Date "2020.08.21"]
[Round "4"]
[White "GIULIO19031975"]
[Black "NIK-MCS1"]
[Result "1-0"]
[WhiteElo "1764"]
[BlackElo "1692"]
[Annotator "NA RC"]
[PlyCount "53"]
[EventDate "2020.08.21"]
[EventType "swiss (blitz)"]

{- Klyushkin, Nikolai} 1. e4 {[%emt 0:00:01]} d6 {[%emt 0:00:02]} 2. Nf3 {[%emt 0:00:00]} c6 {[%emt 0:00:00]} 3. Nc3 {[%emt 0:00:00]} Nd7 {[%emt 0:00:00]} 4. d4 {[%emt 0:00:00]} Qc7 {[%emt 0:00:00]} 5. Bc4 {[%emt 0:00:01]} e5 {[%emt 0:00:00]} 6. Ng5 {[%emt 0:00:01]} Nh6 {[%emt 0:00:02]} 7. Qf3 {[%emt 0:00:03]} Nf6 {[%emt 0:00:02]} 8. dxe5 {[%emt 0:00:01]} dxe5 {[%emt 0:00:02]} 9. h3 {[%emt 0:00:00]} Be7 {[%emt 0:00:01]} 10. Be3 {[%emt 0:00:01]} O-O {[%emt 0:00:01]} 11. O-O-O {[%emt 0:00:00]} b5 {[%emt 0:00:03]} 12. Bb3 {[%emt 0:00:01]} Nd7 {[%emt 0:00:00]} 13. Kb1 {[%emt 0:00:01]} Nc5 {[%emt 0:00:01]} 14. Bxc5 {[%emt 0:00:02]} Bxc5 {[%emt 0:00:02]} 15. g4 {[%emt 0:00:03]} a5 {[%emt 0:00:01]} 16. a3 {[%emt 0:00:02]} b4 {[%emt 0:00:02]} 17. axb4 {[%emt 0:00:01]} axb4 {[%emt 0:00:02]} 18. Ne2 {[%emt 0:00:02]} Qa5 {[%emt 0:00:01]} 19. Kc1 {[%emt 0:00:02]} Qb6 {[%emt 0:00:03]} 20. h4 {[%emt 0:00:07]} Bxf2 {[%emt 0:00:01]} 21. Kb1 {[%emt 0:00:04]} Be3 {[%emt 0:00:03]} 22. Rd3 {[%emt 0:00:06]} Bc5 {[%emt 0:00:04]} 23. h5 {[%emt 0:00:03]} Bxg4 {[%emt 0:00:00]} 24. Qg3 {[%emt 0:00:01]} Bxe2 {[%emt 0:00:01]} 25. Qxe5 {[%emt 0:00:01]} Ng4 {[%emt 0:00:03]} 26. Qf5 {[%emt 0:00:01]} Bxd3 {[%emt 0:00:00]} 27. Qxh7# {[%emt 0:00:01] (Lag: Av=0.85s, max=2.1s) (Lag: Av=0.85s, max=2.1s) (Lag: Av=0.85s, max=2.1s)} 1-0

[Event "400 Stay Safe Play From Home series"]
[Site "Emanuel Lasker Arena"]
[Date "2020.08.21"]
[Round "4"]
[White "Mischu64"]
[Black "Lazieri3"]
[Result "0-1"]
[WhiteElo "1629"]
[BlackElo "1951"]
[Annotator "NA RC"]
[PlyCount "66"]
[EventDate "2020.08.21"]
[EventType "swiss (blitz)"]

1. d4 {[%emt 0:00:01]} c6 {[%emt 0:00:01]} 2. e4 {[%emt 0:00:01]} d5 {[%emt 0:00:00]} 3. Nc3 {[%emt 0:00:01]} dxe4 {[%emt 0:00:01]} 4. f3 {[%emt 0:00:00]} Nf6 {[%emt 0:00:00]} 5. Be3 {[%emt 0:00:01]} exf3 {[%emt 0:00:02]} 6. Nxf3 {[%emt 0:00:00]} Nd5 {[%emt 0:00:00]} 7. Nxd5 {[%emt 0:00:03]} cxd5 {[%emt 0:00:00]} 8. Bd3 {[%emt 0:00:01]} e6 {[%emt 0:00:01]} 9. O-O {[%emt 0:00:01]} Nc6 {[%emt 0:00:00]} 10. Qe1 {[%emt 0:00:00]} Bd7 {[%emt 0:00:02]} 11. c3 {[%emt 0:00:01]} Qc7 {[%emt 0:00:03]} 12. g3 {[%emt 0:00:04]} Bd6 {[%emt 0:00:01]} 13. Qf2 {[%emt 0:00:02]} O-O-O {[%emt 0:00:02]} 14. a4 {[%emt 0:00:02]} f6 {[%emt 0:00:01]} 15. Rfc1 {[%emt 0:00:02]} e5 {[%emt 0:00:01]} 16. dxe5 {[%emt 0:00:01]} Nxe5 {[%emt 0:00:00]} 17. Be2 {[%emt 0:00:07]} Nxf3+ {[%emt 0:00:06]} 18. Bxf3 {[%emt 0:00:00]} Bc6 {[%emt 0:00:01]} 19. Bf4 {[%emt 0:00:02]} Bxf4 {[%emt 0:00:01]} 20. gxf4 {[%emt 0:00:01]} Qxf4 {[%emt 0:00:00]} 21. Re1 {[%emt 0:00:08]} Rhe8 {[%emt 0:00:03]} 22. Rxe8 {[%emt 0:00:10]} Rxe8 {[%emt 0:00:00]} 23. Rd1 {[%emt 0:00:03]} Kb8 {[%emt 0:00:03]} 24. Bxd5 {[%emt 0:00:01]} Qxf2+ {[%emt 0:00:01]} 25. Kxf2 {[%emt 0:00:01]} Bxd5 {[%emt 0:00:01]} 26. Rxd5 {[%emt 0:00:01]} Kc7 {[%emt 0:00:00]} 27. Rd2 {[%emt 0:00:01]} Re4 {[%emt 0:00:01]} 28. Re2 {[%emt 0:00:00]} Rxa4 {[%emt 0:00:01]} 29. Re7+ {[%emt 0:00:02]} Kc6 {[%emt 0:00:00]} 30. Rxg7 {[%emt 0:00:00]} Rh4 {[%emt 0:00:01]} 31. Rxh7 {[%emt 0:00:00]} Rxh7 {[%emt 0:00:01]} 32. Kf3 {[%emt 0:00:00]} Rxh2 {[%emt 0:00:00]} 33. Kf4 {[%emt 0:00:00]} Rxb2 {[%emt 0:00:00] Zeit Zeit Zeit (Lag: Av=0.67s, max=1.6s) (Lag: Av=0.67s, max=1.6s) (Lag: Av=0.67s, max=1.6s)} 0-1